| 000 | 01084nam0a2200289 4500 | ||
|---|---|---|---|
| 001 | RU\NLR\bibl\1215553 | ||
| 005 | 20260607070915.0 | ||
| 010 |
_a5-17-030988-0 _910000 |
||
| 021 |
_aRU _b2008-11318 _9624 |
||
| 035 | _a(nilc)RSL-KNO-003407350 | ||
| 035 | _a(NLR Aleph) 001201938 | ||
| 090 |
_a1778941 _c1778941 |
||
| 100 | _a20080307d2005 |||y0rusy50 ca | ||
| 101 | 0 | _arus | |
| 102 | _aRU | ||
| 105 | _aa ||||||||| | ||
| 200 | 1 |
_aПопался, который кусался! _e[сказка _e(в сокращении) _eдля младшего школьного возраста] _fГ. Остер _g[худож. Е. Ельская] |
|
| 210 |
_aМосква _cПланета детства [и др.] _d2005 |
||
| 215 |
_a[4] с. _cцв. ил. _d20 |
||
| 700 | 1 |
_4070 _7ca _8rus _aОстер _bГ. Б. _f1947 - _gГригорий Бенционович _9110610 _3RU\NLR\auth\77563 |
|
| 702 | 1 |
_aЕльская _bЕ. _4040 |
|
| 801 | 0 |
_aRU _bРКП _c20080307 _grcr |
|
| 801 | 1 |
_aRU _bРГБ _c20080307 |
|
| 801 | 2 |
_aRU _bNLR _c20080416 _grcr |
|
| 942 | _cBOOK | ||
| 980 | _aNB | ||